|
|
|
|
| LEADER |
01052cam a2200277 7i4500 |
| 001 |
0000078019 |
| 005 |
20230531090000.0 |
| 020 |
|
|
|a 9780190098896 (electronic book)
|
| 090 |
0 |
0 |
|a RC732
|b .R47 2023
|
| 245 |
0 |
0 |
|a Respiratory symptoms
|c edited by Margaret L. Campbell.
|
| 264 |
|
|
|a New York, NY:
|b Oxford University Press,
|c 2023.
|
| 300 |
|
|
|a 1 online resource (xi, 162 pages):
|b text file, PDF.
|
| 336 |
|
|
|a text
|2 rdacontent
|
| 337 |
|
|
|a computer
|2 rdamedia
|
| 338 |
|
|
|a online resource
|2 rdacarrier
|
| 650 |
|
0 |
|a Dyspnea --
|x nursing
|
| 650 |
|
0 |
|a Respiratory Tract Diseases --
|x diagnosis
|
| 650 |
|
0 |
|a Pulmonary Disease, Chronic Obstructive --
|x nursing
|
| 650 |
|
0 |
|a Respiratory Tract Diseases --
|x nursing
|
| 650 |
|
0 |
|a Hospice and Palliative Care Nursing --
|x methods
|
| 655 |
|
0 |
|a Electronic books
|
| 700 |
1 |
|
|a Campbell, Margaret L.
|
| 856 |
4 |
2 |
|u http://library.unisel.edu.my/web/guest/mylibrary
|
| 997 |
|
|
|a Health Sciences, Faculty
|
| 998 |
|
|
|a Biomedical Science, Degree
|
| 999 |
|
|
|a EBO0016943
|b EBOOK
|c EBOOK
|e Electronic resources
|